Natural Language Processing

Sparad:
Bibliografiska uppgifter
Huvudupphov: Bhattacharyya
Materialtyp: Bok
Utgiven: Wiley India
Taggar: Lägg till en tagg
Inga taggar, Lägg till första taggen!

MARC

LEADER 00000nam a2200000Ia 4500
005 20260513122049.0
020 |a 9789357462389 
100 |a Bhattacharyya 
365 |c Rs. 
365 |b 20.00 
942 |c BK 
245 |a Natural Language Processing 
260 |b Wiley India 
999 |c 16  |d 16 
952 |0 0  |1 0  |4 0  |7 0  |a UNSW  |b UNSW  |d 2026-04-29  |g 889.00  |i 16670  |l 0  |p 000031  |r 2026-05-13 12:20:49  |v 889.00  |w 2026-05-13  |y BK